Para relanzar el proceso de descentralización : (Record no. 7419)

000 -CABECERA
fixed length control field 01209nam a22002057a 4500
003 - IDENTIFICADOR DEL NÚMERO DE CONTROL
control field AR-CdUCM
008 - DATOS DE LONGITUD FIJA--INFORMACIÓN GENERAL
fixed length control field 190320b ||||| |||| 00| 0 spa d
040 ## - FUENTE DE LA CATALOGACIÓN
Agencia/entidad que catalogó originalmente la obra MUNICIPALIDAD PROVINCIAL DEL CUSCO
Entidad que transcribió la catalogación BIBLIOTECA MUNICIPAL DEL CUSCO
082 ## - NÚMERO DE LA CLASIFICACIÓN DECIMAL DEWEY
No. de Clasificación 328.365834 /
Notacion interna P1
110 ## - ENTRADA PRINCIPAL--NOMBRE DE ENTIDAD CORPORATIVA
Nombre de la institución, jurisdicción como entrada principal Congreso de la República (Perú)
Unidad subordinada Comisión de Descentralización, Regionalización,
-- Gobiernos Locales y Modernización de la Gestión del Estado
9 (RLIN) 20921
245 ## - MENCIÓN DE TÍTULO
Título Para relanzar el proceso de descentralización :
Resto del título contribuciones y desafíos del Congreso /
260 ## - PUBLICACIÓN, DISTRIBUCIÓN, ETC.
Lugar de publicación, distribución, etc. Lima :
Nombre de la editorial, distribuidor, etc. Congreso de la República, Comisión de Descentralización, Regionalización, Gobiernos Locales y Modernización de la Gestión del Estado,
Fecha de publicación, distribución, etc. 2016.
300 ## - DESCRIPCIÓN FÍSICA
Nº de Páginas Extensión 149 páginas ;
Dimensiones 24 cm.
505 ## - NOTA DE CONTENIDO CON FORMATO
Nota de contenido formateada Contenido: Los fundamentales legislativos del proceso de descentralización -- Entre el diseño y la implementación del proceso de descentralización -- El congreso y el proceso de descentralización ...
650 ## - PUNTO DE ACCESO ADICIONAL DE MATERIA--TÉRMINO DE MATERIA
Descriptor Comición de descentralización - Informes
9 (RLIN) 20922
650 ## - PUNTO DE ACCESO ADICIONAL DE MATERIA--TÉRMINO DE MATERIA
Descriptor Planificación regional - Perú
9 (RLIN) 20923
650 ## - PUNTO DE ACCESO ADICIONAL DE MATERIA--TÉRMINO DE MATERIA
Descriptor Descentralización administrativa -- Evaluación - Perú
9 (RLIN) 20924
942 ## - ELEMENTOS DE PUNTO DE ACCESO ADICIONAL (KOHA)
Fuente de clasificación
Tipo de item Libros-BMC
945 ## - PROCESAMIENTO DE INFORMACIÓN LOCAL (OCLC)
Catalogador lccs
Holdings
Estado de retiro (separado) Fuente de clasificación o esquema de estanterías Estado dañado Ubicación Sala donde se ubica Nombre de la colección Fecha de adquisición o compra Costo, precio normal en soles Signatura topográfica Código de Barras Última vez visto (Koha) Tipo de ítem (Koha) Número de Ejemplar
No     Sala Humanidades Sala Humanidades Book Cart 2019-03-20 35.00 328.365834 / P1 SH0000008386 2019-03-20 Libros-BMC  
No     Sala Humanidades Sala Humanidades Book Cart 2019-03-20 35.00 328.365834 / P1 / e.2 SH0000008444 2019-03-20 Libros-BMC 2 ej.

Powered by Koha